000 00976nam a2200313 i 4500
003 EG-GICUC
005 20260414161248.0
008 260414s1915 enko|||fr|||| 00| 0 eng d
040 _aEG-GiCUC
_beng
_cEG-GiCUC
_dEG-GiCUC
_erda
041 _aeng
082 0 4 _221
_a341.3
_bDA.B
092 0 4 _221
099 _aLaw1 11 341.3 DA.B 1915
100 1 _aDavignon , Henri
_epresenter
245 _aBelgium And Germany /
_c Henri Davignon .
264 _aLondon :
_b[undefined] ,
_c1915 .
300 _a132 pages :
_billustrations, Photographs ,
_c24 cm
336 _2rda content
_atext
337 _2rda media
_aComputer
338 _2rda carrier
_aOnline Resource
500 _aIncludes illustrations, Photographs .
546 _aText in English
650 1 _aInternational law
650 1 _aInternational relations
_zBELGIUM
_zGERMANY
651 1 _2qrmak
856 4 0 _uhttps://fll.law.cu.edu.eg/fulltext/bks/B11-07220.pdf
905 _a60
942 _2ddc
_cBK
_e21
_n0
999 _c70959
_d70959